Movies Quiz

Random Movies or Clickable Quiz

Four Word Hints for Four Letter Films Quiz Stats

 Plays Quiz Updated Mar 13, 2019

Score 0/25 Timer 02:30
1,079 Plays Today
% Correct
Jaws
96.1%
Hook
94.2%
Antz
93.7%
Cars
92.7%
Babe
92.6%
Dr. No
90.9%
Clue
90.7%
Juno
89.9%
Thor
89.4%
Troy
87.4%
Jobs
85.8%
Hulk
83.2%
Bean
81.3%
% Correct
Tron
79.8%
Lucy
77.5%
Argo
77.4%
Heat
75.7%
Moon
75.2%
Rudy
75%
Milk
73.9%
Salt
73.7%
Rush
72.8%
Nine
71.1%
Hugo
61.3%
Zulu
60.2%

You're not logged in!

Compare scores with friends on all Sporcle quizzes.
OR
Log In

Sporcle TV

Today on Sporcle TV


Watch our educational content, quiz creation guides, and fun videos on Sporcle TV.

Show Comments

Extras

Top Quizzes Today


Score Distribution

Your Account Isn't Verified!

In order to create a playlist on Sporcle, you need to verify the email address you used during registration. Go to your Sporcle Settings to finish the process.

Report this User

Report this user for behavior that violates our Community Guidelines.

Details: